| 000 | 02042ncm a2200421 c 4500 | ||
|---|---|---|---|
| 003 | BLK | ||
| 005 | 20180422124159.0 | ||
| 008 | 180414b bul |a|er|||| |0| c|bulo| | ||
| 010 | _aNOT00003654000 | ||
| 040 | _aBLK | ||
| 041 |
_aBUL _cBUL |
||
| 080 |
_aСмесен хор _b78.087.684 _x(497.2) _z78.087.684(497.2) |
||
| 700 | 1 |
_aПопов, Тодор _eсъстав. и ред. _9368444 |
|
| 139 |
_aХорови песни _bХ 69 |
||
| 245 | 1 | 0 |
_aХорови песни _bЗа смесен хор без съпровод : Св. 1 - _cсъстав. и ред. Тодор Попов. _nСв. 1 |
| 254 | _aХорова партитура | ||
| 257 | _aBGR | ||
| 260 |
_аСофия _bНаука и изкуство _c1971 - |
||
| 300 | _c28 см | ||
| 380 | _a7 | ||
| 505 |
_rАсен Карастоянов; текст Георги Струмски. _tНа Шипка всичко е спокойно |
||
| 505 |
_rАсен Карастоянов; текст Димитър Точев. _tБалада за Шипка |
||
| 505 |
_rПетко Груев Стайнов; текст Стефан Поптонев. _tРодино |
||
| 505 |
_rПетко Груев Стайнов. _tЕла се вие, превива |
||
| 505 |
_rБоян Георгиев Икономов; текст Димитър Пантелеев. _tЧетири Дунавски балади |
||
| 505 |
_rВеселин Анастасов Стоянов; текст Веселин Симеонов Ханчев. _tДобрият ученик |
||
| 505 |
_rобраб. Филип Кутев. _tПолегнала е Тодора |
||
| 505 |
_rобраб. Филип Кутев. _tСтани ми, майчо |
||
| 650 | 4 |
_aХор - смесен _9315616 |
|
| 653 | _aсмесени хорове | ||
| 653 | _aакапела | ||
| 760 | 1 |
_c88 с. _d1971 _h88 с. _tСв. 1 |
|
| 852 |
_aЦб М ІІ 6464 _p8 |
||
| 856 | 4 |
_qpdf _u |
|
| 856 | 4 |
_qpdf _u |
|
| 942 |
_cNOT _n0 |
||
| 944 |
_aCR _c13.05.2016 _kИрена_Линкова |
||
| 944 |
_aED _c13.05.2016 _kИрена_Линкова |
||
| 999 |
_c320413 _d320413 |
||